LIBRARY ONLINE CATALOGUE

Finding Calcutta : (Record no. 21736)

MARC details
000 -LEADER
fixed length control field 01315cam a2200337 a 4500
001 - CONTROL NUMBER
control field 15304253
005 - DATE AND TIME OF LATEST TRANSACTION
control field 20260630160326.0
008 - FIXED-LENGTH DATA ELEMENTS--GENERAL INFORMATION
fixed length control field 080523s2008 ilu b 000 0 eng
010 ## - LIBRARY OF CONGRESS CONTROL NUMBER
LC control number 2008022649
020 ## - INTERNATIONAL STANDARD BOOK NUMBER
International Standard Book Number 9780830834723
020 ## - INTERNATIONAL STANDARD BOOK NUMBER
International Standard Book Number 0830834729
035 ## - SYSTEM CONTROL NUMBER
System control number 15304253
035 ## - SYSTEM CONTROL NUMBER
System control number (OCoLC)223907736
040 ## - CATALOGING SOURCE
Original cataloging agency DLC
Transcribing agency DLC
Modifying agency YDX
-- BTCTA
-- BAKER
-- YDXCP
-- BWX
-- DLC
050 00 - LIBRARY OF CONGRESS CALL NUMBER
Classification number BX4406.5.Z8
Item number P665 2008
082 00 - DEWEY DECIMAL CLASSIFICATION NUMBER
Classification number 271/.97
Edition number 22
100 1# - MAIN ENTRY--PERSONAL NAME
Personal name Poplin, Mary S.,
Dates associated with a name 1951-
245 10 - TITLE STATEMENT
Title Finding Calcutta :
Remainder of title what Mother Teresa taught me about meaningful work and service /
Statement of responsibility, etc. Mary Poplin.
260 ## - PUBLICATION, DISTRIBUTION, ETC. (IMPRINT)
Place of publication, distribution, etc. Downers Grove, Ill. :
Name of publisher, distributor, etc. IVP Books,
Date of publication, distribution, etc. c2008.
300 ## - PHYSICAL DESCRIPTION
Extent 222 p. ;
Dimensions 21 cm.
504 ## - BIBLIOGRAPHY, ETC. NOTE
Bibliography, etc Includes bibliographical references (p. [189]-209).
600 00 - SUBJECT ADDED ENTRY--PERSONAL NAME
Personal name Teresa,
Titles and other words associated with a name Mother, Saint,
Dates associated with a name 1910-1997.
650 #0 - SUBJECT ADDED ENTRY--TOPICAL TERM
Topical term or geographic name as entry element Work
General subdivision Religious aspects
-- Christianity.
650 #0 - SUBJECT ADDED ENTRY--TOPICAL TERM
Topical term or geographic name as entry element Service (Theology)
856 41 - ELECTRONIC LOCATION AND ACCESS
Materials specified Table of contents only
Uniform Resource Identifier <a href="http://www.loc.gov/catdir/toc/fy0904/2008022649.html">http://www.loc.gov/catdir/toc/fy0904/2008022649.html</a>
583 ## - ACTION NOTE
Action Cataloguing:
Time/date of action 20260630
Action agent mketermketer
906 ## - LOCAL DATA ELEMENT F, LDF (RLIN)
a 7
b cbc
c orignew
d 1
e ecip
f 20
g y-gencatlg
942 ## - ADDED ENTRY ELEMENTS (KOHA)
Source of classification or shelving scheme Library of Congress Classification
Koha item type General Collection
Holdings
Withdrawn status Lost status Source of classification or shelving scheme Not for loan Home library Current library Shelving location Date acquired Source of acquisition Inventory number Total Checkouts Full call number Barcode Date last seen Copy number Price effective from Koha item type
    Library of Congress Classification   Kabarak, Main Campus Kabarak, Main Campus General Stacks 30/06/2026 Donation 2026/4387   BX4406.5.Z8 P665 2008 C.1 38124 30/06/2026 C.1 30/06/2026 General Collection